000 01807nam a2200457Ic 4500
001 59813
003 CO-BoRNBP
005 20251106205656.0
007 ta
008 210826s2018 sp ao er 000 0 spa d
020 _a9788417254100
040 _aCO-BoRNBP
_bspa
_erda
_cCO-BoRNBP
041 1 _aspa
_heng
082 0 _a576.5
_bW23c
_222
100 _aWeitzman, Jonathan B.
_eaut
_966716
245 1 0 _a50 descubrimientos de la genética para entender nuestros orígenes /
_cJonathan y Matthew Weitzman ; prólogo Rodney Rothstein ; colaboradores Thomas Bourgeron... [y otros siete] ; ilustraciones Steve Rawlings ; traducción, Eva María Cantenys Félez.
246 3 2 _aCincuenta descubrimientos de la genética para entender nuestros orígenes
250 _aPrimera edición
264 1 _aBarcelona, España :
_bBlume,
_c2018
300 _a160 páginas :
_bilustraciones fotografías en color
336 _atexto
_btxt
_2rdacontent
337 _asin mediación
_bn
_2rdamedia
338 _avolumen
_bnc
_2rdacarrier
490 0 _aGuía Breve
500 _aIncluye glosario al comienzo de cada capítulo
504 _aIncluye referencias bibliográficas
521 _aRecomendado para un público adulto
545 _aIncluye datos biográficos de los autores en la contracarátula
650 0 7 _aGenética humana
_2lemb
_962234
650 0 7 _aGenética molecular
_2lemb
_917643
650 0 7 _aGenética
_2lemb
700 _aBourgeron, Thomas
_ectb
_966717
700 _aBrooker, Robert J.
_ectb
_966718
700 _aCourtier-Orgogozo, Virginie
_ectb
_966719
700 _aFriscer, Alain
_ectb
_966720
700 _aHeard, Edith
_ectb
_966721
700 _aSanders, Mark F.
_ectb
_966722
700 _aVeitia, Reiner A.
_ectb
_966723
700 _aWeitzman, Matthew
_eaut
_966724
942 _2ddc
_cBK
999 _c59813
_d59813